| 000 | 00864cab a2200205 4500 | ||
|---|---|---|---|
| 001 | WB3522-20 | ||
| 008 | 090401t1999 xxu||||| |||| 00| 0 eng d | ||
| 035 | _a(Sirsi) u93869 | ||
| 041 | _aeng | ||
| 245 | _aOpposition to mobile phone masts mounts | ||
| 260 | _c1999 | ||
| 350 | _a0 | ||
| 490 |
_aBirmingham Post _v9 June 1999, 5(1) |
||
| 520 | _aLeading experts on health and electromagnetic radiation are attending a seminar at the House of Commons aimed at assessing the possible health risks from mobile phone masts. Representatives from the Milford Haven Action Group which is demanding the removal of a base station are also attending. Public opposition to mobile phone masts is mounting. | ||
| 650 | _aELECTROMAGNETIC RADIATION | ||
| 650 | _aMOBILE PHONE MASTS | ||
| 690 | _aENVIRONMENTAL AND LAND CONSULTANCY | ||
| 942 | _n0 | ||
| 948 | _c10/06/1999 | ||
| 999 |
_c59494 _d59494 |
||